Sports Quiz

Random Sports or NFL Quiz

2011 New Orleans Saints Roster (post-draft) Quiz Stats

 Plays Quiz not verified by Sporcle

Challenge
Share
Tweet
Embed
Score 0/82 Timer 08:00
0 Plays Today
Position Player % Correct
QB Drew Brees
98.1%
WRMarques Colston
90.7%
RBPierre Thomas
87.9%
DEWill Smith
86.9%
TEDavid Thomas
85%
WRDevery Henderson
84.1%
RB (R)Mark Ingram
84.1%
RB*Reggie Bush
82.2%
LBJonathan Vilma
82.2%
TEJimmy Graham
80.4%
SRoman Harper
77.6%
WRLance Moore
77.6%
CBTracy Porter
76.6%
FB*Heath Evans
75.7%
GJahri Evans
74.8%
WRRobert Meachem
73.8%
QBChase Daniel
70.1%
SMalcolm Jenkins
67.3%
S*Darren Sharper
67.3%
RBChris Ivory
66.4%
LB*Scott Shanle
66.4%
KGarrett Hartley
65.4%
CBJabari Greer
64.5%
GCarl Nicks
62.6%
DTSendrick Ellis
59.8%
DE (R)Cameron Jordan
54.2%
CBPatrick Robinson
53.3%
WRAdrian Arrington
46.7%
Position Player % Correct
TJermon Bushrod
44.9%
DEAlex Brown
43.9%
TCharles Brown
43%
PThomas Morstead
40.2%
TJon Stinchcomb
38.3%
C*Jonathan Goodwin
36.4%
RBJoique Bell
33.6%
DTTom Johnson
33.6%
RBJulius Jones
33.6%
OLB (R)Martez Wilson
33.6%
LBJo-Lonn Dunbar
32.7%
TZach Strief
31.8%
LBJonathan Casillas
30.8%
WRCourtney Roby
30.8%
FBJed Collins
29.9%
DTShaun Rogers
29%
CBRandall Gay
28%
DB (R)Johnny Patrick
27.1%
SUsama Young
26.2%
QBSean Canfield
25.2%
DTRemi Ayodele
22.4%
DEJeff Charleston
21.5%
DL*Anthony Hargrove
20.6%
SChris Reis
19.6%
RBLynell Hamilton
17.8%
LBStanley Arnoux
16.8%
DL (R)Greg Romeus
15.9%
RB*Ladell Betts
14%
Position Player % Correct
DTSwanson Miller
14%
DEJunior Galette
13.1%
TETory Humphrey
13.1%
G/TRoger Allen
12.1%
LSJason Kyle
12.1%
C/GMatt Tennant
12.1%
LB*Kawika Mitchell
11.2%
LBMarvin Mitchell
11.2%
LB (R)Nate Bussey
11.2%
LB*Danny Clark
9.3%
LSJustin Drescher
9.3%
DTMitch King
9.3%
LBRamon Humber
8.4%
SPierson Prioleau
8.4%
RBDeShawn Wynn
8.4%
GBrian de la Puente
7.5%
WRAndy Tanner
7.5%
RBChris Taylor
7.5%
LBAnthony Waters
6.5%
DL*Jimmy Wilkerson
6.5%
WRMontez Billings
5.6%
LBEzra Butler
5.6%
S*Matt Giordano
5.6%
CBMark Parson
4.7%
CBLeigh Torrance
4.7%
TETyler Lorenzen
3.7%

You're not logged in!

Compare scores with friends on all Sporcle quizzes.
Join for Free
OR
Log In

You Might Also Like...

Show Comments

Extras

Created Jun 8, 2011SourceReportFavoriteNominate
Tags:NFL Quiz

Top Quizzes Today


Score Distribution

Your Account Isn't Verified!

In order to create a playlist on Sporcle, you need to verify the email address you used during registration. Go to your Sporcle Settings to finish the process.

Report this User

Report this user for behavior that violates our Community Guidelines.

Details: